Pôsobenie pedagóga v penitenciárnej starostlivosti v pomáhajúcej profesii

Bibliographic Details
Main Author: Vanková, Katarína, 1964- (Author)
Format: Article
Language:Slovak
ISSN:1338-2845
Subjects:

MARC

LEADER 00000nab a2200000 4500
001 vtls012071799
003 SK-MaSNL
005 20260305000032.0
008 211005|2021 xo |||| ||an ||00 0|slo
015 |a SNBRB2021/10 
040 |a SPKCL  |b slo  |e rda 
041 |a slo  |b slo 
044 |a xo  |c SK 
072 7 |a 343.8  |x Väzenstvo  |2 konspekt 
080 |a 343.8:37  |2 2011 
100 1 |a Vanková, Katarína,  |d 1964-  |4 aut  |9 218071 
245 1 0 |a Pôsobenie pedagóga v penitenciárnej starostlivosti v pomáhajúcej profesii  |c Katarína Vanková 
336 |a text  |b txt  |2 rdacontent 
337 |a bez média  |b n  |2 rdamedia 
338 |a zväzok  |b nc  |2 rdacarrier 
504 |a Obsahuje bibliografiu 
546 |a Slovenské resumé 
650 0 7 |a učitelia  |2 SNKPH  |9 3995 
650 0 7 |a výkon trestu  |2 SNKPH  |9 21540 
650 0 7 |a penitenciárna starostlivosť  |2 snkbucl  |9 177274 
650 0 7 |a penitenciárna pedagogika  |2 snkbucl  |9 336299 
773 0 |t Didaktika  |g Roč. 2, č. 5 (2021), s. 23-27  |x 1338-2845 
958 |a NB 
999 |c 3211866  |d 3213796